Australian Slang #1 - Statistics

General Stats
  • This quiz has been taken 6,738 times
    3,487 since last reset
  • The average score is 14 of 22
Answer Stats
Hint Answer % Correct
Barbeque Barbie
94%
Hello! G'day
90%
A buddy or friend Mate
89%
Australia Oz/Straya
89%
An Australian Aussie
87%
Toilet Dunny
85%
Sunglasses Sunnies
85%
Afternoon Arvo
84%
Avocado Avo
84%
A mosquito Mozzie
84%
Breakfast Brekkie
81%
AFL/NRL Footy
80%
Television Telly/Gogglebox
74%
A chicken Chook
70%
A man Bloke
69%
A postman or mailman Postie
64%
True or genuine Fair dinkum
32%
Sydney Harbour Bridge Coathanger
25%
A lie Porky
18%
Male Trainee Station Manager Jackaroo
12%
Female Trainee Station Manager Jillaroo
12%
Campfire Bush Telly
8%
No matching quizzes found
Score Distribution
Percent of People with Each Score
Percentile by Number Answered
Your Score History
You have not taken this quiz since the last reset